Sikshakrama (Record no. 6560)
[ view plain ]
| 000 -LEADER | |
|---|---|
| fixed length control field | 00593nam a2200145Ia 4500 |
| 008 - FIXED-LENGTH DATA ELEMENTS--GENERAL INFORMATION | |
| fixed length control field | 210324s9999||||xx |||||||||||||| ||und|| |
| 040 ## - CATALOGING SOURCE | |
| Transcribing agency | STCPL |
| 082 ## - DEWEY DECIMAL CLASSIFICATION NUMBER | |
| Classification number | 340 |
| Item number | BAL-S |
| 245 #0 - TITLE STATEMENT | |
| Title | Sikshakrama |
| Title in other language | ശിക്ഷാക്രമദീപിക |
| 260 ## - PUBLICATION, DISTRIBUTION, ETC. | |
| Place of publication, distribution, etc. | ___ |
| Name of publisher, distributor, etc. | ___ |
| 300 ## - PHYSICAL DESCRIPTION | |
| Extent | 1-230, I-XLVIII |
| 650 ## - SUBJECT ADDED ENTRY--TOPICAL TERM | |
| Topical term or geographic name entry element | LawMATRICS AND OPERATIONS ON MATRICS, THE ALGORITHAM OF GAMES AND SOME OF ITS APPLICATIONS, LINEAR OPERATIONS IN AN N- DIMENSIONAL VECTOR SPACE, FUNCTIONS OF MATRICS, MATRIC EQUATIONS, LINER OPERATORS IN A UNITARY SPACE, QUADRATIC AND HERMITIAN FORMS |
| 942 ## - ADDED ENTRY ELEMENTS (KOHA) | |
| Koha item type | Books |
| 041 ## - LANGUAGE CODE | |
| Language code of original | Malayalam |
| Withdrawn status | Lost status | Damaged status | Not for loan | Home library | Current library | Shelving location | Date acquired | Total Checkouts | Full call number | Barcode | Date last seen | Price effective from | Koha item type |
|---|---|---|---|---|---|---|---|---|---|---|---|---|---|
| ST. THOMAS COLLEGE LIBRARY, PALAI | ST. THOMAS COLLEGE LIBRARY, PALAI | 2021-07-10 | 340 BAL-S | 11443 | 2021-07-10 | 2021-07-10 | Books |
